000 00625nam a2200229Ia 4500
003 OSt
005 20220928102846.0
006 a|||||r|||| 00| 0
007 ta
008 220927b |||||||| |||| 00| 0 eng d
024 _a59844
037 _cTextual
040 _aSDCL
_cSDCL
_beng
041 _2eng
_aeng
082 _aR68x1, 111L0
100 _aPadmanabhacharya C M
_9400873
245 0 _aLife & teachings of Sri Madhvacharya.
260 _aUdipi
_bParyaya Sri Palimar Mutt
_c1970
300 _a185p
_ccm.
942 _hR68x1, 111L0
_cTEXL
_2CC
999 _c716758
_d716758